Statistics for US President who have visited United Kingdom

Click here to take the quiz!

General Stats

  • This quiz has been taken 78 times
  • The average score is 11 of 12

Answer Stats

Times visitedYear(s) visitedPresident% Correct
52001, 2003, 2005, 2008George W. Bush
100%
51989, 1990, 1991George H. W. Bush
100%
52009, 2011, 2013, 2014, 2016Barack Obama
100%
11940Franklin D. Roosevelt
99%
31982, 1984, 1988Ronald Reagan
97%
71994, 1995, 1997 1998, 2000Bill Clinton
97%
31953, 1959Dwight D. Eisenhower
96%
41969, 1970, 1971Richard Nixon
94%
11977Jimmy Carter
94%
21961, 1963John F. Kennedy
93%
21945, 1946Harry Truman
89%
21912, 1918Woodrow Wilson
79%

Score Distribution

Percentile by Number Answered

Percent of People with Each Score

Your Score History

You have not taken this quiz